000 00581nam a2200169 a 4500
001 000026514
003 DO-SdBNP
005 20210615135356.0
008 110322s1981 dr 000 0 spa d
040 _aDO-SdBNP
_bspa
_cBNPHU
049 _aBNPD
110 1 _aRepública Dominicana.
_bSecretariado Técnico de la Presidencia
_bOficina Nacional de Estadísticas
_92319
245 1 0 _aCenso de población y vivienda : manual del empadronador.
260 _a[Santo Domingo] :
_bOficina Nacional de Estadísticas,
_c1981.
300 _a82 p. :
_bil., map. ;
_c22 cm.
942 _2ddc
_cLBS1
999 _c26006
_d26006